| Поле | Инд. | ПП | Название | Значение |
|---|---|---|---|---|
| Тип записи | a | |||
| Библиографический уровень | m | |||
| 001 | Контрольный номер | RU/LIBMSTU/262094946 | ||
| 005 | Дата корректировки | 20240110124925.5 | ||
| 020 | 00 | a | ISBN | 5-282-02536-1 |
| c | Цена, тираж | 145-20 | ||
| 084 | a | Индекс другой классификации/Индекс ББК | 65.428.9(2Рос)+65.59(2Рос) | |
| 090 | 00 | a | Полочн. индекс | 65.428 |
| x | Авторский знак | С 28 | ||
| 100 | 10 | a | Автор | Седов К. Б. |
| 245 | 00 | a | Заглавие | Международная коммерческая деятельность в сфере услуг и интересы России |
| 260 | 00 | a | Место издания | Москва |
| b | Издательство | Экономика | ||
| c | Дата издания | 2006 | ||
| 300 | 00 | a | Объем | 269, [1] с. |
| 650 | _4 | a | Основная рубрика | Коммерческая деятельность международная; Услуги-Международная торговля |
| 653 | 00 | a | Ключевые слова | Внешнеэкономическая деятельность |
| a | Ключевые слова | Внешнеэкономические связи | ||
| a | Ключевые слова | Глобализация | ||
| a | Ключевые слова | Международная торговля | ||
| a | Ключевые слова | Сфера услуг | ||
| 901 | t | Тип документа | m | |
| 990 | 00 | f | Даты поступлений (DOS) | 05.06 |